| 000 | 00491cam a22001817a 4500 | ||
|---|---|---|---|
| 999 |
_c339919 _d339919 |
||
| 003 | OSt | ||
| 005 | 20180722140130.0 | ||
| 008 | 1807181972 xxu||||| |||| 00| 0 eng d | ||
| 040 | _c | ||
| 082 | _aI5511 Sp43 | ||
| 100 |
_aSpiegel, Murry R _916 |
||
| 245 |
_aSchaum's outline of theory and problems of statistics _cby Murray R. Spiegel |
||
| 260 |
_aNew York _bMcGraw-Hill _c1972 |
||
| 300 | _a359p | ||
| 440 |
_aSchaum's outline series _917 |
||
| 650 |
_aStatistics _918 |
||
| 942 |
_2ddc _cBK |
||